Welcome to WEB OPAC of MRSPTU Central Library

Mechatronics: principles, concepts and applications (Record no. 5890)

MARC details
000 -LEADER
fixed length control field 00485nam a2200169Ia 4500
008 - FIXED-LENGTH DATA ELEMENTS--GENERAL INFORMATION
fixed length control field 230711s9999||||xx |||||||||||||| ||und||
020 ## - INTERNATIONAL STANDARD BOOK NUMBER
International Standard Book Number 978-0-07-048374-3
041 ## - LANGUAGE CODE
Language code of text/sound track or separate title ENG
082 ## - DEWEY DECIMAL CLASSIFICATION NUMBER
Classification number 629.89
Item number MA-M
100 ## - MAIN ENTRY--PERSONAL NAME
Personal name Mahalik,Nitaigour Premchand
245 #0 - TITLE STATEMENT
Title Mechatronics: principles, concepts and applications
250 ## - EDITION STATEMENT
Edition statement 1st . Ed.
260 ## - PUBLICATION, DISTRIBUTION, ETC.
Date of publication, distribution, etc. 2003
Place of publication, distribution, etc. New Delhi
Name of publisher, distributor, etc. McGraw Hill Education(India) Private Limited
300 ## - PHYSICAL DESCRIPTION
Extent 588p.
650 ## - SUBJECT ADDED ENTRY--TOPICAL TERM
Topical term or geographic name entry element Mechanical Engineering
942 ## - ADDED ENTRY ELEMENTS (KOHA)
Koha item type Book
Holdings
Withdrawn status Lost status Damaged status Not for loan Collection Home library Current library Date acquired Cost, normal purchase price Inventory number Total checkouts Full call number Barcode Date last seen Price effective from Koha item type
          MRSPTU Central Library MRSPTU Central Library   835.00 742483   629.89 MA-M 31675 08/17/2023 08/17/2023 Book
          MRSPTU Central Library MRSPTU Central Library   835.00 742483   629.89 MA-M 31676 08/17/2023 08/17/2023 Book
          MRSPTU Central Library MRSPTU Central Library   835.00 742483   629.89 MA-M 31677 08/17/2023 08/17/2023 Book
          MRSPTU Central Library MRSPTU Central Library   835.00 742483   629.89 MA-M 31678 08/17/2023 08/17/2023 Book
          MRSPTU Central Library MRSPTU Central Library   835.00 742483   629.89 MA-M 31679 08/17/2023 08/17/2023 Book
          MRSPTU Central Library MRSPTU Central Library   835.00 742483   629.89 MA-M 31683 08/17/2023 08/17/2023 Book
          MRSPTU Central Library MRSPTU Central Library 08/09/2043       629.89 MA-M 39534 08/17/2023 08/17/2023 Book
          MRSPTU Central Library MRSPTU Central Library 08/09/2043       629.89 MA-M 39535 08/17/2023 08/17/2023 Book
          MRSPTU Central Library MRSPTU Central Library 08/09/2043       629.89 MA-M 39536 08/17/2023 08/17/2023 Book
          MRSPTU Central Library MRSPTU Central Library 08/09/2043       629.89 MA-M 39537 08/17/2023 08/17/2023 Book
          MRSPTU Central Library MRSPTU Central Library 08/09/2043       629.89 MA-M 39538 08/17/2023 08/17/2023 Book
          MRSPTU Central Library MRSPTU Central Library 08/09/2043       629.89 MA-M 39539 08/17/2023 08/17/2023 Book

Website Designed and Developed by MRSPTU Central Library Team

E-mail Id: librarian@mrsptu.ac.in